Reseña histórica del banano

সংরক্ষণ করুন:
গ্রন্থ-পঞ্জীর বিবরন
প্রধান লেখক: Orozco Blanco, Luis Antonio
বিন্যাস: পাঠ‍্য
প্রকাশিত: s.n.t. :
ট্যাগগুলো: ট্যাগ যুক্ত করুন
কোনো ট্যাগ নেই, প্রথমজন হিসাবে ট্যাগ করুন!

MARC

LEADER 00000 a a2200000 04500
001 14567
003
040
090 |a 014300  
100 |a Orozco Blanco, Luis Antonio  
245 |a Reseña histórica del banano  
260 |a s.n.t. :  
300 |a 19 p.  
999 |c 2042  |d 2042